| 000 | 00447nam a2200181Ia 4500 | ||
|---|---|---|---|
| 001 | 3660 | ||
| 005 | 20260306145659.0 | ||
| 008 | 260306t2006||||xx |||||||||||||| ||spa|| | ||
| 041 | _aESP | ||
| 082 |
_a301 _bT76 |
||
| 100 |
_aTouraine, Alain, 1925- _eAUT |
||
| 245 | 0 |
_aUn nuevo paradigma: _bpara comprender el mundo de hoy |
|
| 260 | _c2006 | ||
| 300 |
_a272 páginas : _c23 cm. |
||
| 650 | _aGEN | ||
| 654 | _aCHU | ||
| 942 |
_cLIB _dJUS _fJUS _2ddc _n |
||
| 999 |
_c3660 _d3660 |
||